Marchiennes-ville, dependances de la Trefilerie (pres de la Gare) (Record no. 116701)

MARC details
000 -LEADER
fixed length control field 00803cam a22001935a 4500
001 - CONTROL NUMBER
control field L141271
008 - FIXED-LENGTH DATA ELEMENTS--GENERAL INFORMATION
fixed length control field 071108s1918 fr eng u
035 ## - SYSTEM CONTROL NUMBER
System control number (Sirsi) u141271
041 0# - LANGUAGE CODE
Language code of text/sound track or separate title fre
245 00 - TITLE STATEMENT
Title Marchiennes-ville, dependances de la Trefilerie (pres de la Gare)
Remainder of title 90 chevaux & mulets environ a vendre aux encheres publiques
260 ## - PUBLICATION, DISTRIBUTION, ETC.
Place of publication, distribution, etc. S.l.
Name of publisher, distributor, etc. s.n.
Date of publication, distribution, etc. 1918
300 ## - PHYSICAL DESCRIPTION
Extent 1 sheet
Other physical details col.
Dimensions 40 x 31 cm., folded to 31 x 20 cm. +
Accompanying material 2 sheets (21 x 9 cm. and 25 x 20 cm.)
340 ## - PHYSICAL MEDIUM
Material base and configuration Printed
351 ## - ORGANIZATION AND ARRANGEMENT OF MATERIALS
Hierarchical level Single item
500 ## - GENERAL NOTE
General note Item is and auction poster and is accompanied by a letter from the donor, dated 19 December 1918 and a copy of a reply dated 23 December 1918.
651 4# - SUBJECT ADDED ENTRY--GEOGRAPHIC NAME
Geographic name France
690 ## - LOCAL SUBJECT ADDED ENTRY--TOPICAL TERM (OCLC, RLIN)
Topical term or geographic name as entry element PROPERTY ACQUISITION AND DISPOSAL-ACQUISITION AND DISPOSAL AT AUCTION
942 ## - ADDED ENTRY ELEMENTS (KOHA)
Suppress in OPAC 0
Holdings
Withdrawn status Lost status Source of classification or shelving scheme Damaged status Not for loan Home library Current library Shelving location Date acquired Total Checkouts Full call number Barcode Date last seen Copy number Price effective from Koha item type
    Dewey Decimal Classification     London London Basement 08/11/2007   BASEMENT BOX 4 141271-1001 06/08/2019 1 06/08/2019 Archive